Biblioteca

Contra las estrellas (Registro nro. 69242)

Detalles MARC
000 -LÍDER
Campo fijo de descripción fija 01822aam a2200373 i 4500
001 - NÚMERO DE CONTROL
Campo de control 768714001
003 - IDENTIFICADOR DEL NÚMERO DE CONTROL
Campo de control CO-MdFUSB
005 - FECHA Y HORA DE LA ULTIMA TRANSACCIÓN
control field 20231213105146.0
007 - CAMPO FIJO DE DESCRIPCIÓN FIJA--INFORMACIÓN GENERAL
Campo fijo de descripción fija ta
008 - ELEMENTOS DE LONGITUD FIJA -- INFORMACIÓN GENERAL
Campo fijo de descripción fija -- Información general 231031t20172017spa||||g |||| 00| 0 spa d
020 ## - NÚMERO INTERNACIONAL NORMALIZADO PARA LIBROS
Número Internacional Normalizado del libro 9788490437766
040 ## - FUENTE DE CATALOGACIÓN
Agencia de catalogación original CO-MdFUSB
Idioma de catalogación spa
Agencia que realiza la transcripción CO-MdFUSB
Agencia que realiza la modificación CO-MdFUSBC
Convenciones de la descripción rda
041 ## - CÓDIGO DE IDIOMA
Código de idioma para texto/pista de sonido o título separado spa
Código de idioma original eng
082 ## - NÚMERO DE CLASIFICACIÓN DECIMAL DEWEY
Número de la edición del Dewey 23
Número de clasificación 813.6
Clave de autor-Numero de item G778
100 ## - ASIENTO PRINCIPAL--NOMBRE PERSONAL
Nombre personal Gray, Claudia,
Término relacionador autor
240 ## - TITULO UNIFORME
Título uniforme <a href="Defy the stars">Defy the stars</a>
245 ## - TÍTULO
Título del Material Contra las estrellas
Mención de responsabilidad, etc. / Claudia Gray ; traducido por Sheila Espinosa Arribas
250 ## - MENCIÓN DE EDICIÓN
Mención de edición Primera edición
264 #1 - PRODUCCIÓN, PUBLICACIÓN, DISTRIBUCIÓN, MANUFACTURA, Y COPYRIGHT
Lugar de producción, publicación, distribución, manufactura Barcelona, España :
Nombre del productor, publicador, distribuidor Montena,
Fecha de producción, publicación, distribución, manufactura, o copyright [2017]
264 #4 - PRODUCCIÓN, PUBLICACIÓN, DISTRIBUCIÓN, MANUFACTURA, Y COPYRIGHT
Fecha de producción, publicación, distribución, manufactura, o copyright ©2017
300 ## - DESCRIPCIÓN FÍSICA
Extensión 408 páginas
Dimensiones ; 22 cm
336 ## - TIPO DE CONTENIDO
Fuente rdacontent
Término de tipo de contenido texto
Código de tipo de contenido txt
337 ## - TIPO DE MEDIO
Fuente rdamedia
Nombre del tipo de medio sin mediación
Código del tipo de medio n
338 ## - TIPO DE SOPORTE
Fuente rdacarrier
Nombre del tipo de soporte volumen
Código Tipo de soporte nc
490 ## - MENCIÓN DE SERIE
Mención de serie Infinita Plus
520 ## - NOTA DE RESUMEN, ETC.
Nota de sumario, etc. Noemí Vidal es una joven soldado del planeta Génesis, una antigua colonia de la Tierra sumida en una dura guerra por conseguir su independencia. Tras un ataque sorpresa, Noemí termina perdida en el espacio, vagando en una nave abandonada. Abandonado también está Abel, uno de los robots más sofisticados del ejército de la Tierra. Un robot que debería ser su enemigo. Sin embargo, su programación lo obliga a obedecer a Noemí y, aunque ello lo lleve a poner su vida en peligro, termina por ayudarla en su propósito de salvar Génesis. Poco a poco, Noemí se irá dando cuenta de que Abel es mucho más que una máquina, y Abel, por su parte, aprenderá que su devoción por Noemí nada tiene que ver con su software...
563 ## - NOTA DE ENCUADERNACIÓN
Nota de encuadernación Rústico.
650 #7 - ASIENTO SECUNDARIO DE MATERIA - TERMINO TEMÁTICO
Fuente del encabezamiento o término embne
9 (RLIN) 2493
Término temático o nombre geográfico como elemento de entrada Literatura norteamericana
653 ## - TÉRMINO DE INDIZACIÓN - NO CONTROLADO
Término no controlado Literatura juvenil
653 ## - TÉRMINO DE INDIZACIÓN - NO CONTROLADO
Término no controlado Ficción norteamericana.
700 ## - ASIENTO SECUNDARIO - NOMBRE PERSONAL
9 (RLIN) 8927
Nombre personal Espinosa Arribas, Sheila,
Responsabilidad traductor
942 ## - TIPO DE MATERIAL (KOHA)
Tipo de Item KOHA Libros General
945 ## - INFORMACIÓN LOCAL DEL REGISTRO
Catalogador sor1564
Existencias
Estado de Material Estado de Perdido Forma de Clasificación Estado de Dañado No para Préstamo Colección Biblioteca de Origen Biblioteca Permanente Fecha de Adquisición Área Total de Préstamos Signatura Topográfica Código de Barras Última vez visto Ejemplar/Existencia Fecha de Remplazo Tipo de Material
    Dewey Decimal Classification     Colección General Biblioteca FUSBC Biblioteca FUSBC 31/10/2023 LITERATURA   G 813.6 G778c 22367 31/10/2023 Ej. 1 31/10/2023 Libros General

Biblioteca FUSBC | Teléfono: (57+4) 349 88 10 Ext. 141| WhatsApp (+57) 3005338115 
E-mail: biblioteca@unisbc.edu.co | Calle 76 87-14 Robledo Palenque, Medellín, Colombia

Con tecnología Koha